000 00562nam a2200193 a 4500
005 20210223125338.0
008 040329s1997 mx r 000 0 spa d
020 _a9686914552
035 _aUPN01000132862
049 _aCG
050 4 _aHD2321
_bR4.8
245 0 3 _aLa revolución industrial :
_bperspectivas actuales /
_ccomp. Santiago Rex Bliss.
260 _aMéxico :
_bInstituto Mora,
_c1997.
300 _a196 p.
440 0 _aCuadernos secuencia
650 4 _aINDUSTRIAS -
_xHISTORIA
_916345
700 1 _aRex Bliss, Santiago,
_ecomp.
905 _aLibro
999 _c105016
_d105016